The noble scholar, jurist, historian


 His Excellency Dr. Abdul Wahhab bin Ibrahim Abu Sulaiman, may Allah have mercy on him.


 He was born in Umm Al-Qura in the year 1356 AH.

منازل القربة / (Record no. 8174)

MARC details
000 -LEADER
fixed length control field 02057cam a22003731i 4500
003 - CONTROL NUMBER IDENTIFIER
control field SA-RiAUC
005 - DATE AND TIME OF LATEST TRANSACTION
control field 20250521053156.0
008 - FIXED-LENGTH DATA ELEMENTS--GENERAL INFORMATION
fixed length control field 250520s2002 mr g b f000 0 ara c
020 ## - INTERNATIONAL STANDARD BOOK NUMBER
International Standard Book Number 9981590711
040 ## - CATALOGING SOURCE
Original cataloging agency SA-JeALM
Language of cataloging ara
Transcribing agency SA-RiAUC
Description conventions rda
082 04 - DEWEY DECIMAL CLASSIFICATION NUMBER
Classification number 212
Assigning agency SA-RiAUC
090 ## - LOCALLY ASSIGNED LC-TYPE CALL NUMBER (OCLC); LOCAL CALL NUMBER (RLIN)
Classification number (OCLC) (R) ; Classification number, CALL (RLIN) (NR) 212
Local cutter number (OCLC) ; Book number/undivided call number, CALL (RLIN) ح ك ي
100 1# - MAIN ENTRY--PERSONAL NAME
Personal name الحكيم الترمذي، محمد بن علي بن الحسن،
Dates associated with a name توفي حوالي 320 هجري
Relator term مؤلف.
245 10 - TITLE STATEMENT
Title منازل القربة /
Statement of responsibility, etc. أبو عبد الله محمد بن علي الحكيم الترمذي ؛ تحقيق خالد زهري.
250 ## - EDITION STATEMENT
Edition statement الطبعة الأولى.
264 #1 - PRODUCTION, PUBLICATION, DISTRIBUTION, MANUFACTURE, AND COPYRIGHT NOTICE
Place of production, publication, distribution, manufacture الرباط :
Name of producer, publisher, distributor, manufacturer جامعة محمد الخامس، كلية الآداب والعلوم الإنسانية،
Date of production, publication, distribution, manufacture, or copyright notice 2002
300 ## - PHYSICAL DESCRIPTION
Extent 299 صفحة ؛
Dimensions 24 سم.
336 ## - CONTENT TYPE
Content type term نص
Content type code txt
Source rdacontent
Materials specified كتاب
337 ## - MEDIA TYPE
Media type term بدون وسيط
Media type code n
Source rdamedia
338 ## - CARRIER TYPE
Carrier type term مجلد
Carrier type code nc
Source rdacarrier
490 1# - SERIES STATEMENT
Series statement منشورات كلية الآداب والعلوم الإنسانية بالرباط.
-- سلسلة نصوص ووثائق ؛
Volume/sequential designation 3
500 ## - GENERAL NOTE
General note طبع هذا الكتاب بدعم من برنامج التعاون بين كلية الآداب ومؤسسة كونرادادناور.
500 ## - GENERAL NOTE
General note اهداء من المحقق خالد زهري الى الشيخ رحمه الله بتاريخ 21 / شوال / 1428 هـ
504 ## - BIBLIOGRAPHY, ETC. NOTE
Bibliography, etc. note ببليوجرافية : صفحة 179-200.
650 #7 - SUBJECT ADDED ENTRY--TOPICAL TERM
Topical term or geographic name entry element الأخلاق الإسلامية
Source of heading or term aucsh
650 #7 - SUBJECT ADDED ENTRY--TOPICAL TERM
Topical term or geographic name entry element علم الكلام
Source of heading or term aucsh
650 #7 - SUBJECT ADDED ENTRY--TOPICAL TERM
Topical term or geographic name entry element التصوف الإسلامي
Source of heading or term aucsh
650 #7 - SUBJECT ADDED ENTRY--TOPICAL TERM
Topical term or geographic name entry element الحكيمية (طرق صوفية)
Source of heading or term aucsh
700 1# - ADDED ENTRY--PERSONAL NAME
Personal name زهري، خالد
Relator term محقق.
700 12 - ADDED ENTRY--PERSONAL NAME
Relationship information تحقيق (عمل) :
Personal name الحكيم الترمذي، محمد بن علي بن الحسن،
Dates associated with a name توفي حوالي 320 هجري
Title of a work منازل القربة
830 #0 - SERIES ADDED ENTRY--UNIFORM TITLE
Uniform title منشورات كلية الآداب والعلوم الإنسانية بالرباط.
Name of part/section of a work سلسلة نصوص ووثائق
Volume/sequential designation 3
942 ## - ADDED ENTRY ELEMENTS (KOHA)
Source of classification or shelving scheme Dewey Decimal Classification
Koha item type Books
Suppress in OPAC No
949 ## - LOCAL PROCESSING INFORMATION (OCLC)
a SA-JeALM
d 250520
u osman123
n 1
Holdings
Withdrawn status Lost status Source of classification or shelving scheme Damaged status Not for loan Collection Home library Current library Date acquired Total checkouts Full call number Barcode Date last seen Price effective from Koha item type
    Dewey Decimal Classification     اهداء DR AbdElwahab Library DR AbdElwahab Library 05/21/2025   212 ح ك ي 000013558 05/21/2025 05/21/2025 Books